Anatomy of seed plants. (Record no. 234244)

000 -LEADER
fixed length control field 00851cam a22002531 4500
001 - CONTROL NUMBER
control field 4530344
003 - CONTROL NUMBER IDENTIFIER
control field Nust
005 - DATE AND TIME OF LATEST TRANSACTION
control field 20170316135020.0
008 - FIXED-LENGTH DATA ELEMENTS--GENERAL INFORMATION
fixed length control field 820527s1960 nyua b 000 0 eng
010 ## - LIBRARY OF CONGRESS CONTROL NUMBER
LC control number 60006452
020 ## - INTERNATIONAL STANDARD BOOK NUMBER
International Standard Book Number 81-265-0820-5
040 ## - CATALOGING SOURCE
Transcribing agency ASAB
050 00 - LIBRARY OF CONGRESS CALL NUMBER
Classification number QK641
Item number .E8
051 ## - LIBRARY OF CONGRESS COPY, ISSUE, OFFPRINT STATEMENT
Classification number QK641
Item number .E8 Guide
082 00 - DEWEY DECIMAL CLASSIFICATION NUMBER
Classification number 581.4
100 1# - MAIN ENTRY--PERSONAL NAME
Personal name Esau, Katherine,
Dates associated with a name 1898-1997.
245 10 - TITLE STATEMENT
Title Anatomy of seed plants.
250 ## - EDITION STATEMENT
Edition statement 2nd edition
260 ## - PUBLICATION, DISTRIBUTION, ETC.
Place of publication, distribution, etc. New York,
Name of publisher, distributor, etc. Wiley
Date of publication, distribution, etc. [1960]
300 ## - PHYSICAL DESCRIPTION
Extent xvi, 376 p.
Other physical details illus.
Dimensions 24 cm.
500 ## - GENERAL NOTE
General note Supplemented by: Laboratory guide in plant anatomy (3 l., 29 p. ; 28 cm.) published : New York : Wiley, 1960. Call no. QK641.E8 Guide
504 ## - BIBLIOGRAPHY, ETC. NOTE
Bibliography, etc. note Includes bibliographies.
650 #0 - SUBJECT ADDED ENTRY--TOPICAL TERM
Topical term or geographic name entry element Plant anatomy.
650 #0 - SUBJECT ADDED ENTRY--TOPICAL TERM
Topical term or geographic name entry element Phanerogams.
906 ## - LOCAL DATA ELEMENT F, LDF (RLIN)
a 7
b cbc
c orignew
d u
e ocip
f 19
g y-gencatlg
942 ## - ADDED ENTRY ELEMENTS (KOHA)
Source of classification or shelving scheme
Koha item type Book
Holdings
Withdrawn status Lost status Source of classification or shelving scheme Damaged status Not for loan Collection code Permanent Location Current Location Date acquired Total Checkouts Total Renewals Full call number Barcode Date last seen Date last checked out Price effective from Koha item type
            Central Library (CL) Central Library (CL) 03/16/2017 1 3 581.4 ESA ASAB1814 01/30/2026 09/09/2025 03/16/2017 Book
© 2023 Central Library, National University of Sciences and Technology. All Rights Reserved.